002810000a220007300045001000018000002450112000183000054001307730023001841 aPrieto, Jaime10aLa recepción del jubileo bíblico en el Seminario y la Universidad Bíblica Latinoamericana (1969-1998) aVol. 18, Num 2 (Octubre, 1998), Páginas 113-1320 tVida y pensamiento